UBT Library

Fire's guide to free speech on campus / (Record no. 44066)

000 -LEADER
fixed length control field 00675cam a22002415a 4500
001 - CONTROL NUMBER
control field 17222248
005 - DATE AND TIME OF LATEST TRANSACTION
control field 20180302081503.0
008 - FIXED-LENGTH DATA ELEMENTS--GENERAL INFORMATION
fixed length control field 120322s2012 pau 000 0 eng
010 ## - LIBRARY OF CONGRESS CONTROL NUMBER
LC control number 2012935981
020 ## - INTERNATIONAL STANDARD BOOK NUMBER
International Standard Book Number 9780615562964 (alk. paper)
040 ## - CATALOGING SOURCE
Original cataloging agency DLC
Transcribing agency DLC
Modifying agency DLC
041 ## - LANGUAGE CODE
Language code of text/sound track or separate title eng
042 ## - AUTHENTICATION CODE
Authentication code pcc
080 ## - UNIVERSAL DECIMAL CLASSIFICATION NUMBER
Universal Decimal Classification number 37 SIL
082 ## - DEWEY DECIMAL CLASSIFICATION NUMBER
Classification number 37 SIL
100 1# - Rafti
Rafti 25
101 ## - Shkurtesa
Shkurtesa EDU
245 10 - TITLE STATEMENT
Title Fire's guide to free speech on campus /
Statement of responsibility, etc Harvey A. Silverglate, David French, Greg Lukianoff ; [edited by] Greg Lukianoff, William Creeley.
263 ## - PROJECTED PUBLICATION DATE
Projected publication date 1206
906 ## - LOCAL DATA ELEMENT F, LDF (RLIN)
a 0
b ibc
c orignew
d 2
e epcn
f 20
g y-gencatlg
942 ## - ADDED ENTRY ELEMENTS (KOHA)
Source of classification or shelving scheme
Item type Books
Holdings
Withdrawn status Lost status Source of classification or shelving scheme Damaged status Not for loan Collection code Permanent location Current location Shelving location Date acquired Total Checkouts Full call number Barcode Date last seen Price effective from Koha item type
          Koleksioni i përgjithshem UBT - Lipjan UBT - Lipjan Koleksioni i përgjithshem 03/02/2018   37 SIL 002-3000754 03/02/2018 03/02/2018 Books
UBT Library © 2015-2024. All rights reserved University Education for Business and Technology